[Event "Challenge"]
[Site "http://www.queenalice.com/game.php?id=827860"]
[Date "2010.9.4"]
[Round "-"]
[White "Sonia"]
[Black "killaredwolfman"]
[Result "0-1"]
[WhiteElo "1632"]
[BlackElo "1436"]

1. e4 e5 2. Nf3 Nc6 3. Nc3 Bc5 4. Bb5 d6 5. O-O Nf6 6. a3 O-O 7. d3 Bg4 8. Bxc6
bxc6 9. h3 Bh5 10. Bg5 Rb8 11. Na4 h6 12. Bd2 Bd4 13. c3 Bc5 14. b4 Bb6 15. Nb2
d5 16. c4 dxc4 17. Nxc4 Qxd3 18. Ncxe5 Qxe4 19. Qc1 Bxf3 20. Nxf3 Rbd8 21. Re1
Qd3 22. Ne5 Qxd2 23. Nxc6 Bxf2+ 24. Kh2 Bxe1 25. Ne7+ Kh7 26. Qxc7 Ne4 27. Rxe1
Qxe1 28. Nf5 Nf2 29. Qc2 g6 30. Nh4 Rd3 31. Nf3 Qh1+ 32. Kg3 Ne4+ 33. Kf4 Rxf3+
34. Kxf3 Qf1+ 35. Kxe4 Re8+ 36. Kd4 Qf4+ 37. Kd3 Qe3+ 0-1

[Event "Challenge"]
[Site "http://www.queenalice.com/game.php?id=828057"]
[Date "2010.9.4"]
[Round "-"]
[White "killaredwolfman"]
[Black "Sonia"]
[Result "1-0"]
[WhiteElo "1460"]
[BlackElo "1579"]

1. e4 e5 2. Nf3 Nc6 3. Bc4 Qf6 4. d3 h6 5. Nc3 Nd8 6. d4 Bd6 7. O-O Ne7 8. dxe5
Bxe5 9. Nd5 Qd6 10. Nxe7 Bxh2+ 11. Nxh2 Qxe7 12. Qd4 O-O 13. Ng4 Qd6 14. Qe3 Qg6
15. Qg3 d6 16. Re1 h5 17. Ne3 Qxg3 18. fxg3 a6 19. b3 b5 20. Bd5 c6 21. Bxc6
Nxc6 22. Nd5 Bb7 23. Bf4 Rad8 24. Bg5 Rb8 25. Rad1 a5 26. c3 Ne5 27. Be7 Rfe8
28. Bxd6 Nd7 29. Bxb8 Nxb8 30. Rd4 f5 31. Nc7 Rc8 32. Nxb5 Bc6 33. Nd6 Rf8 34.
e5 Na6 35. e6 Nc7 36. e7 Rb8 37. Nxf5 a4 38. Rd8+ Kh7 39. Rxb8 Kg6 40. e8=Q+
Bxe8 41. Ne7+ Kf7 42. bxa4 Bxa4 43. Rb7 Ne6 44. Nd5+ Kg8 45. Rxe6 Bc2 46. Nf6+
gxf6 47. Re8# 1-0

[Event "Ready for a game?"]
[Site "http://www.queenalice.com/game.php?id=829744"]
[Date "2010.9.8"]
[Round "-"]
[White "MariusLola"]
[Black "killaredwolfman"]
[Result "1-0"]
[WhiteElo "1576"]
[BlackElo "1447"]

1. e4 e5 2. d4 Bd6 3. d5 Nf6 4. Nc3 O-O 5. Bg5 c6 6. Qd2 Bc5 7. O-O-O h6 8. Bxf6
Qxf6 9. f3 Bb4 10. a3 Ba5 11. dxc6 Nxc6 12. Qe3 Ne7 13. g4 Nc6 14. Nd5 Qe6 15.
Nh3 Bd8 16. Qd3 b6 17. g5 hxg5 18. Kb1 Nd4 19. Nxg5 Qd6 20. Rg1 a5 21. f4 exf4
22. e5 Qg6 23. Nh3 Qxd3 24. Rxd3 Nb5 25. Nhxf4 d6 26. Nh5 g6 27. Nhf6+ Bxf6 28.
exf6 Bb7 29. Ne7+ Kh7 30. Rh3# 1-0

[Event "AUTO-INT-1822"]
[Site "http://www.queenalice.com/game.php?id=834549"]
[Date "2010.9.18"]
[Round "1"]
[White "Augustocampos"]
[Black "killaredwolfman"]
[Result "1-0"]
[WhiteElo "1320"]
[BlackElo "1535"]

1. g4 e6 2. c4 Bc5 3. a3 Nf6 4. h3 d5 5. cxd5 Qxd5 6. f3 O-O 7. e4 Qe5 8. f4
Qxe4+ 9. Ne2 Qxh1 10. b4 Bb6 11. d4 Nc6 12. Ng3 Qg1 13. Qd3 Bxd4 14. Kd1 Rd8 15.
b5 Bxa1 16. bxc6 Rxd3+ 17. Ke2 1-0

[Event "AUTO-INT-1822"]
[Site "http://www.queenalice.com/game.php?id=834565"]
[Date "2010.9.18"]
[Round "1"]
[White "killaredwolfman"]
[Black "Cassiox"]
[Result "0-1"]
[WhiteElo "1504"]
[BlackElo "1490"]

1. e4 e5 2. Nf3 Nc6 3. Bc4 Nf6 4. O-O d5 5. exd5 Nxd5 6. Bb5 Bd6 7. d4 O-O 8.
Bxc6 bxc6 9. c4 e4 10. cxd5 cxd5 11. Ng5 Be7 12. h4 f6 13. f3 fxg5 14. Bxg5 Bxg5
15. hxg5 Qxg5 16. Nd2 Bh3 17. Qe2 Rf4 18. fxe4 Bxg2 19. Qxg2 Rg4 20. Rf2 Rxg2+
21. Rxg2 Qe3+ 22. Kh1 dxe4 23. Nf1 Qxd4 24. Rd2 Qf6 25. Ng3 Qh4+ 26. Kg2 Rf8 27.
Re1 g5 28. Re3 g4 29. Nxe4 Rf3 30. Rxf3 gxf3+ 31. Kxf3 Qh3+ 32. Ke2 Qe6 33. Ke3
Qxa2 34. Kf4 Kg7 35. Rg2+ Kf8 36. Rf2 Ke7 37. b4 Qf7+ 38. Ke3 Qb3+ 39. Kf4 Qxb4
40. Re2 Kd8 41. Rh2 a5 42. Rxh7 a4 43. Kf5 a3 44. Rh8+ Kd7 45. Nf6+ Kc6 46. Rh6
a2 47. Ke5 a1=Q+ 0-1

[Event "AUTO-INT-1822"]
[Site "http://www.queenalice.com/game.php?id=834566"]
[Date "2010.9.18"]
[Round "1"]
[White "Cassiox"]
[Black "killaredwolfman"]
[Result "0-1"]
[WhiteElo "1507"]
[BlackElo "1495"]

1. e4 e5 2. Nf3 Nc6 3. Nc3 Bc5 4. Bb5 Nf6 5. O-O O-O 6. Bxc6 dxc6 7. d4 exd4 8.
Nxd4 Bxd4 9. Qf3 Bxc3 10. Qxc3 Nxe4 11. Qf3 f5 12. Qb3+ Kh8 13. f3 Nd2 14. Bxd2
Qxd2 15. Rad1 Qf4 16. Qf7 Qb4 17. Rfe1 Rxf7 18. Rd3 f4 19. Re4 Bf5 20. Rxb4 Bxd3
21. cxd3 b6 22. Re4 a5 23. g4 fxg3 24. hxg3 Rxf3 25. Re7 Rxg3+ 26. Kh2 Rxd3 27.
Rxc7 c5 28. Rb7 Re8 29. Kg1 Rf8 30. Rxb6 Re8 31. Kf1 h6 32. Rc6 Rd5 33. Ra6 Re4
34. Kf2 Rf5+ 35. Kg3 h5 36. Rxa5 Rc4 37. b3 Rc3+ 38. Kh4 Kh7 39. Ra6 Rd5 40. Re6
g6 41. Re7+ Kh6 42. Re4 g5# 0-1

[Event "AUTO-INT-1822"]
[Site "http://www.queenalice.com/game.php?id=834567"]
[Date "2010.9.18"]
[Round "1"]
[White "killaredwolfman"]
[Black "daniel0176"]
[Result "1-0"]
[WhiteElo "1483"]
[BlackElo "1406"]

1. e4 e5 2. Nf3 d6 3. Bc4 h6 4. O-O Nf6 5. Nc3 a6 6. d4 Be7 7. dxe5 Ng4 8. exd6
Bxd6 9. h3 Nf6 10. e5 O-O 11. exd6 cxd6 12. Nd5 Ne4 13. Bf4 Nc6 14. Nd4 Nxd4 15.
Qxd4 Re8 16. Rfe1 Bf5 17. f3 Qh4 18. Bxd6 Nxd6 19. Qxh4 Rxe1+ 20. Rxe1 Nxc4 21.
Ne7+ Kh7 22. Nxf5 Nxb2 23. Qd4 g6 24. Qg7# 1-0

[Event "AUTO-INT-1822"]
[Site "http://www.queenalice.com/game.php?id=834568"]
[Date "2010.9.18"]
[Round "1"]
[White "daniel0176"]
[Black "killaredwolfman"]
[Result "0-1"]
[WhiteElo "1393"]
[BlackElo "1496"]

1. e4 e5 2. Qh5 Nc6 3. Bc4 g6 4. Qf3 Nf6 5. d3 Bc5 6. Bg5 O-O 7. Bxf6 Qe8 8. Nh3
Nd4 9. Qd1 b5 10. Bd5 c6 11. Bxc6 Nxc6 12. Ng5 h6 13. Nf3 Qe6 14. Bh4 Qg4 15.
O-O Nd4 16. Bg3 d6 17. h3 Nxf3+ 18. Kh1 Bxf2 19. Rxf2 Qxg3 20. Qf1 Qh2# 0-1

[Event "Challenge"]
[Site "http://www.queenalice.com/game.php?id=840520"]
[Date "2010.10.1"]
[Round "-"]
[White "killaredwolfman"]
[Black "Sonia"]
[Result "1-0"]
[WhiteElo "1508"]
[BlackElo "1525"]

1. e4 e5 2. Nf3 Nc6 3. Bc4 h6 4. O-O Nf6 5. Nc3 Be7 6. d4 Nxd4 7. Nxe5 Ne6 8. f4
O-O 9. f5 Nc5 10. b4 Nfxe4 11. Nxe4 Nxe4 12. Qg4 Nf6 13. Qg3 Nh5 14. Qg4 Nf6 15.
Bxf7+ Rxf7 16. Qg6 Qf8 17. Bxh6 d6 18. Nxf7 Qxf7 19. Qg3 Nh5 20. Qg4 Bf6 21.
Rae1 Kf8 22. Bg5 Bd7 23. Bxf6 gxf6 24. Rf3 Bc6 25. Rh3 Qg7 26. Qxg7+ Kxg7 27.
Rxh5 Kf7 28. Rh7+ Kg8 29. Rxc7 a6 30. Re6 Rd8 31. Rxf6 Bd5 32. g4 Be4 33. c4 d5
34. cxd5 Bxd5 35. g5 Be4 36. g6 Rd1+ 37. Kf2 Rh1 38. g7 Rxh2+ 39. Ke3 Bd5 40.
Rf8+ Kh7 41. g8=Q+ Kh6 42. Rh7# 1-0

[Event "Challenge"]
[Site "http://www.queenalice.com/game.php?id=840521"]
[Date "2010.10.1"]
[Round "-"]
[White "Sonia"]
[Black "killaredwolfman"]
[Result "0-1"]
[WhiteElo "1543"]
[BlackElo "1487"]

1. e4 e5 2. Nf3 Nc6 3. Bc4 Nf6 4. Nc3 Bc5 5. O-O O-O 6. d3 d6 7. h3 Nb4 8. a3 d5
9. exd5 Nbxd5 10. Nxd5 Nxd5 11. Nxe5 c6 12. d4 Bd6 13. Bxd5 cxd5 14. Nf3 Bf5 15.
Bg5 f6 16. Bd2 Bc7 17. Nh4 Qd6 18. f4 Be4 19. c3 g5 20. Qg4 Rf7 21. Nf5 Bxf5 22.
Qg3 Rg7 23. Qf3 g4 24. hxg4 Bxg4 25. Qe3 Qd7 26. Rf2 Re8 27. Qd3 Re6 28. c4 dxc4
29. Qc3 Be2 30. f5 Re4 31. Re1 Bd3 32. Qb4 a5 33. Qc3 Rh4 34. Rf3 Bh2+ 35. Kf2
Bg3+ 36. Rxg3 Qxf5+ 37. Rf3 Qg4 38. d5 Qxg2+ 0-1

[Event "Challenge"]
[Site "http://www.queenalice.com/game.php?id=840704"]
[Date "2010.10.2"]
[Round "-"]
[White "killaredwolfman"]
[Black "MariusLola"]
[Result "0-1"]
[WhiteElo "1547"]
[BlackElo "1654"]

1. e4 e5 2. Nf3 Nc6 3. Bc4 Bc5 4. c3 Nf6 5. d3 d6 6. O-O O-O 7. Bg5 h6 8. Bh4 g5
9. Bxg5 hxg5 10. Nxg5 Be6 11. Bxe6 Qe7 12. Bd5 Nd8 13. Nd2 Qd7 14. Nc4 Nxd5 15.
exd5 f6 16. Ne4 f5 17. Ng5 Nf7 18. Qh5 Nxg5 19. Qxg5+ Qg7 20. Qxg7+ Kxg7 21.
Rad1 Kf7 22. d4 exd4 23. cxd4 Bb4 24. a3 b5 25. Rc1 bxc4 26. Rxc4 Ba5 27. b4 Bb6
28. a4 a5 29. b5 Rae8 30. h4 Re4 31. Rd1 f4 32. f3 Re2 33. Kh2 Kg6 34. Kh3 Kh5
35. Rg1 Rd2 36. g4+ fxg3 37. Rxg3 Rf7 38. Rc1 Rxd4 39. Rh1 Rxa4 40. Rg5+ Kh6 41.
Re1 Rxf3+ 42. Kg2 Raf4 43. Re8 Rf8 44. Re6+ Kh7 45. Reg6 Be3 46. Rg4 Bh6 47. Re6
R8f7 48. h5 R3f5 49. Rh4 Rg7+ 50. Kh3 Rf3+ 51. Kh2 Bf4+ 52. Kh1 Rf1# 0-1

[Event "Challenge"]
[Site "http://www.queenalice.com/game.php?id=840705"]
[Date "2010.10.2"]
[Round "-"]
[White "MariusLola"]
[Black "killaredwolfman"]
[Result "1-0"]
[WhiteElo "1589"]
[BlackElo "1508"]

1. e4 e5 2. Nf3 Nc6 3. Bc4 Bc5 4. c3 Nf6 5. b4 Bb6 6. O-O d5 7. exd5 Nxd5 8. Qe2
f6 9. Ba3 Nce7 10. b5 Qd7 11. d4 Qg4 12. dxe5 O-O 13. Bxe7 Re8 14. Bxd5+ Kh8 15.
exf6 gxf6 16. Bxf6+ 1-0